000 00542nam a2200217Ia 4500
003 OSt
005 20220928141141.0
006 a|||||r|||| 00| 0
007 ta
008 220927b |||||||| |||| 00| 0 eng d
024 _a13893
037 _cTextual
040 _aSDCL
_cSDCL
_beng
041 _2eng
_aeng
082 _aO-,D:g, M0
100 _aNiles John D Ed.
_9499262
245 0 _aOld English literature in context.
260 _c1980
942 _hO-,D:g, M0
_cTEXL
_2CC
999 _c816302
_d816302